00493cam a2200145 4500020001500000082001400015100002100029245003700050260003100087300002400118500012100142650004100263700002200304700002100326 a002376120200a541.3 MAR1 aMaron, Samuel H.10aPrinciples of physical chemistry aNew York,bMacmillanc1958 avii, 789 p.billus. aOriginal ed., by C. F. Prutton and S. H. Maron, published under title: Fundamental principles of physical chemistry. 0aChemistry, Physical and theoretical.1 aLando, Jerome B.,1 aPrutton, Carl F.